000 00885nam a22002657a 4500
001 BR7305067
003 BR-BrBNA
005 20230928084059.0
007 ta
008 230509b bl.||||| |||| 00| 0 por d
040 _aBR-BrBNA
_bpor
_cBiblioteca Nacional de Agricultura
041 _a(Por)
072 _aL72
_b5100
090 _ 5100 BR7305067
100 1 _aMatos, P.F. de
110 1 _aUniversidade Federal de Minas Gerais, Belo Horizonte (Brasil). Escola de Veterinaria
_0Tese (Mestre em Medicina Veterinaria)
245 1 _aTeste comparativo da eficiencia do crufomato, do levamisole e do haloxon no combate a helmintos gastrintestinais de equinos
260 3 _aBelo Horizonte, MG (Brasil):
_c1975.
300 _a39 p.
500 _a6 tables; 31 ref.; Summary (Por)
650 _aVerminose
650 _aEquino
909 _a202309
_bLucia
_c55
_dLucia Elande
942 _cBK
999 _c16753
_d16753